| 000 | 00573nam a2200181 4500 | ||
|---|---|---|---|
| 020 | _a0813904110 | ||
| 040 | _cDLC | ||
| 082 | 0 | 0 | _a581 UNI 1974 A033 Or. |
| 245 | 1 | 4 |
_aThe plant root and its environment; _bproceedings. |
| 260 |
_aCharlottesville, _bUniversity Press of Virginia _c[1974] |
||
| 300 |
_axii, 691 p. _billus. _c27 cm. |
||
| 500 | _a"Sponsored by the Southern Regional Education Board." | ||
| 650 | 0 | _aRoots (Botany) | |
| 650 | 0 | _aPlant-soil relationships | |
| 700 | 1 | _aCarson, Eugene Watson, | |
| 710 | 2 | _aSouthern Regional Education Board. | |
| 942 | _cEK | ||
| 999 |
_c12258 _d12258 |
||